Návrh opatrení na zlepšenie systému odmeňovania zamestnancov v podniku Schaeffler Kysuce, spol. s r.o.

Salvato in:
Dettagli Bibliografici
Autore principale: Stancová, Veronika (Autore)
Altri autori: Horváthová, Martina (Relatore della tesi)
Natura: Manoscritto Libro
Lingua:slovacco
Pubblicazione: 2023
Soggetti:
Accesso online:http://is.stuba.sk/zp/portal_zp.pl?podrobnosti=170075
Tags: Aggiungi Tag
Nessun Tag, puoi essere il primo ad aggiungerne!!

MARC

LEADER 00000ntm a22000003a 4500
001 stuzp93651
003 SK-STU
005 20230909215658.0
007 ta
008 150427s2015----xo-----f-mn---000-0-slo-d
040 |a STU  |b slo 
041 0 |a slo 
100 1 |a Stancová, Veronika  |u 064000  |4 aut  |U MTF Materiálovotechnologická fakulta  |T MTF Ústav priemyselného inžinierstva a manažmentu  |X 112456  |U M4000  |Y 84  |7 112456 
242 0 1 |a Proposal of Measures to Exchance the System of Rewards of Employees in the Company Schaeffler Kysuce, spol. s r.o.  |y eng 
245 1 0 |a Návrh opatrení na zlepšenie systému odmeňovania zamestnancov v podniku Schaeffler Kysuce, spol. s r.o. 
260 |c 2023 
650 4 |a odmeňovanie  |2 slo 
650 4 |a mzdy  |2 slo 
650 4 |a sociálna politika podniku  |2 slo 
650 4 |a motivácia  |2 slo 
650 4 |a hodnotenie  |2 slo 
650 4 |a salary  |2 eng 
650 4 |a social policy of company  |2 eng 
650 4 |a motivation  |2 eng 
650 4 |a remuneration  |2 eng 
650 4 |a evaluation  |2 eng 
700 1 |a Horváthová, Martina  |u 064000  |k Z1  |4 ths  |U MTF Materiálovotechnologická fakulta  |T MTF Ústav priemyselného inžinierstva a manažmentu  |X 1507  |U M4000  |Y 84  |7 A000001507 
856 4 |u http://is.stuba.sk/zp/portal_zp.pl?podrobnosti=170075 
996 |c M* BP-9675  |l MMSKP  |s P  |a 0  |w stuzp93651_0001